| 000 | 01138cam a22002654a 4500 | ||
|---|---|---|---|
| 001 | 15072801 | ||
| 005 | 20170105102913.0 | ||
| 008 | 071106s2008 nju b 001 0 eng | ||
| 010 | _a 2007940899 | ||
| 020 | _a9780691133713 (alk. paper) | ||
| 040 |
_aDLC _cDLC |
||
| 043 | _an-us--- | ||
| 050 | 0 | 0 |
_aKF7204.581947 _b.A2 2008 |
| 100 | 1 | _aStuart, Douglas T. | |
| 245 | 1 | 0 |
_aCreating the national security state : a history of the law that transformed America / _cDouglas T. Stuart. |
| 260 |
_aPrinceton, N.J. : _bPrinceton University Press, _cc2008. |
||
| 300 |
_axiii, 342 p. ; _c24 cm. |
||
| 504 | _aIncludes bibliographical references and index. | ||
| 610 | 1 | 0 |
_aUnited States. _tNational Security Act of 1947. |
| 650 | 0 |
_aNational security _xLaw and legislation _zUnited States _xHistory _y20th century. |
|
| 651 | 0 |
_aUnited States _xDefenses _xLaw and legislation _xHistory _y20th century. |
|
| 906 |
_a7 _bcbc _corignew _d2 _eepcn _f20 _gy-gencatlg |
||
| 942 |
_2ddc _cBK |
||
| 999 |
_c15230 _d15230 |
||